书目信息 |
| 题名: |
20世纪的激情
|
|
| 作者: | 程工 编著 | |
| 分册: | ||
| 出版信息: | 北京 世界图书出版公司 2000 |
|
| 页数: | 706页 | |
| 开本: | 20cm | |
| 丛书名: | 20世纪音乐欣赏丛书 | |
| 单 册: | ||
| 中图分类: | J609.15 | |
| 科图分类: | ||
| 主题词: | 摇滚乐--音乐欣赏--世界 , 摇滚乐 , 音乐欣赏 | |
| 电子资源: | ||
| ISBN: | 7-5062-3683-4 | |
| 000 | 00810oam2 2200265 450 | |
| 001 | 1231294066 | |
| 005 | 20121019084238.11 | |
| 010 | @a7-5062-3683-4@dCNY30.00 | |
| 100 | @a20000605d2000 em y0chiy0110 ea | |
| 101 | 0 | @achi |
| 102 | @aCN@b110000 | |
| 105 | @af z 000yy | |
| 200 | 1 | @a20世纪的激情@A20 shi ji de ji qing@e摇滚乐@f程工编著 |
| 210 | @a北京@c世界图书出版公司@d2000 | |
| 215 | @a706页@c照片@d20cm | |
| 225 | 2 | @a20世纪音乐欣赏丛书 |
| 330 | @a本书介绍了20世纪世界较为著名的摇滚乐队,书的最后还列举了历史上最主要的十几种摇滚乐的风格流派。 | |
| 461 | 0 | @12001 @a20世纪音乐欣赏丛书 |
| 606 | 0 | @a摇滚乐@x音乐欣赏@y世界 |
| 606 | 0 | @a摇滚乐 |
| 606 | 0 | @a音乐欣赏 |
| 690 | @aJ609.15@v4 | |
| 701 | 0 | @a程工@Acheng gong@4编著 |
| 801 | 0 | @aCN@bNLC@c20101222 |
| 905 | @a10447@dJ609.15@eJY256 | |
| 20世纪的激情:摇滚乐/程工编著.-北京:世界图书出版公司,2000 |
| 706页:照片;20cm.-(20世纪音乐欣赏丛书) |
| ISBN 7-5062-3683-4:CNY30.00 |
| 本书介绍了20世纪世界较为著名的摇滚乐队,书的最后还列举了历史上最主要的十几种摇滚乐的风格流派。 |
| ● |
| 相关链接 |
|
|
|
|
正题名:20世纪的激情
索取号:J609.15/JY256
 
预约/预借
| 序号 | 登录号 | 条形码 | 馆藏地/架位号 | 状态 | 备注 |
| 1 | 7834441 | 278344418 | 学院路分馆/ [索取号:J609.15/JY256] | 在馆 | |
| 2 | 7834442 | 278344427 | 学院路分馆/ [索取号:J609.15/JY256] | 在馆 |